Sports Quiz

Random Sports Quiz

Herbstmeister Bundesliga Quiz Stats

 Plays Quiz not verified by Sporcle

Support Sporcle.
Go Orange.
Score 0/56 Timer 10:00
0 Plays Today
År Herbsmeister % Correct
1994Borussia Dortmund
99.1%
1995Borussia Dortmund
99.1%
2010Borussia Dortmund
99.1%
2018Borussia Dortmund
99.1%
1968FC Bayern München
96.5%
1970FC Bayern München
96.5%
1972FC Bayern München
96.5%
1973FC Bayern München
96.5%
1979FC Bayern München
96.5%
1984FC Bayern München
96.5%
1988FC Bayern München
96.5%
1989FC Bayern München
96.5%
1992FC Bayern München
96.5%
1996FC Bayern München
96.5%
1998FC Bayern München
96.5%
1999FC Bayern München
96.5%
2002FC Bayern München
96.5%
2004FC Bayern München
96.5%
2005FC Bayern München
96.5%
2007FC Bayern München
96.5%
2011FC Bayern München
96.5%
2012FC Bayern München
96.5%
2013FC Bayern München
96.5%
2014FC Bayern München
96.5%
2015FC Bayern München
96.5%
2016FC Bayern München
96.5%
2017FC Bayern München
96.5%
1964SV Werder Bremen
88.7%
År Herbsmeister % Correct
1985SV Werder Bremen
88.7%
1987SV Werder Bremen
88.7%
1990SV Werder Bremen
88.7%
2003SV Werder Bremen
88.7%
2006SV Werder Bremen
88.7%
1980Hamburger SV
86.1%
1982Hamburger SV
86.1%
1986Hamburger SV
86.1%
2001Bayer 04 Leverkusen
82.6%
2009Bayer 04 Leverkusen
82.6%
1971FC Schalke 04
75.7%
2000FC Schalke 04
75.7%
1983VfB Stuttgart
74.8%
19631. FC Köln
70.4%
19771. FC Köln
70.4%
19811. FC Köln
70.4%
2008TSG 1899 Hoffenheim
66.1%
19781. FC Kaiserslautern
64.3%
19971. FC Kaiserslautern
64.3%
1991Eintracht Frankfurt
63.5%
1993Eintracht Frankfurt
63.5%
1969Borussia Mönchengladbach
61.7%
1974Borussia Mönchengladbach
61.7%
1975Borussia Mönchengladbach
61.7%
1976Borussia Mönchengladbach
61.7%
19671. FC Nürnberg
49.6%
1965TSV 1860 München
48.7%
1966Eintracht Braunschweig
35.7%

You're not logged in!

Compare scores with friends on all Sporcle quizzes.
OR
Log In

From the Vault

Click the Soccer Logos VII

by Noldeh

You could also try kicking them. It rhymes and also is thematic.
Remove Ads.
Support Sporcle.
Get the best of Sporcle when you Go Orange. This ad-free experience offers more features, more stats, and more fun while also helping to support Sporcle. Thank you for becoming a member.

Show Comments

Extras

Created Dec 23, 2018ReportNominate
Tags:bundesliga, kan

Top Quizzes Today


Score Distribution

Your Account Isn't Verified!

In order to create a playlist on Sporcle, you need to verify the email address you used during registration. Go to your Sporcle Settings to finish the process.

Report this User

Report this user for behavior that violates our Community Guidelines.

Details: